000 00228nam a2200109Ia 4500
008 230320s9999||||xx |||||||||||||| ||spa||
082 _a184/P66G
100 _aPlatón
245 0 _aGorgias
260 _bAguilar
942 _80
_cLIB
999 _c26110
_d26110